| 000 | 00998nam0a22002291i 4500 | ||
|---|---|---|---|
| 001 | rc\920173 | ||
| 005 | 20240726010052.0 | ||
| 035 | _a(NLR Aleph) 006094243 | ||
| 090 |
_a5191306 _c5191306 |
||
| 100 | _a20041129d1982 u |0rusy50 ca | ||
| 101 | 0 | _arus | |
| 102 | _aRU | ||
| 105 | _ay ||||||||| | ||
| 200 | 1 |
_aУчебные словари общетехнической лексики русского языка для вьетнамских политехнических институтов _e(Принципы составления и пути использ. в учеб. процессе) _eАвтореф. дис. на соиск. учен. степ. канд. пед. наук _e(13.00.02) |
|
| 210 |
_aМ. _d1982 |
||
| 215 | _a22 с. | ||
| 300 | _aВ надзаг.: АПН СССР, НИИ преподавания рус. яз. в нац. шк. | ||
| 700 | 0 | _aДинь Вьет Жао | |
| 801 | 0 |
_aRU _bNLR _gpsbo |
|
| 801 | 1 |
_aRU _bELAR _2rusmarc |
|
| 852 |
_aNLR _j83-4/25187 |
||
| 942 | _cBOOK | ||